00790nam a22002177a 4500003000400000005001700004008004100021020001800062040002000080100003500100245009800135250001100233260006500244300001100309650003800320650003900358700004100397942001300438999001500451952010600466OSt20151130125754.0151126s2015 sp ||||| |||| 00| 0 cat d a9788415808305 aCDMRbcatcCDMR1 91204aMestre i Vergés, Jordi10aLa verema dels 80b: una emigració civilitzadacJordi Mestre Vergés i Xavier Martí Ylla a1a ed. aGirona:bCasa de Cultura de la Diputació de Girona,c2015. a102 p.0493679aFotoperiodismexExposicions0492799aPeriodismexAspectes socials1 94605aMartí i Ylla, Xavier,d1957- 2udccMON c6903d6903 00104070aCDMRbCDMRd2015-11-26l3m1oAr 4pCDMR15110012r2017-05-17s2017-05-17w2015-11-26yMON